Mīlād jadīd, (Record no. 45479)

MARC details
000 -LEADER
fixed length control field 00590cam a22001931 4500
001 - CONTROL NUMBER
control field ne 63000167
003 - CONTROL NUMBER IDENTIFIER
control field DLC
005 - DATE AND TIME OF LATEST TRANSACTION
control field 20260227111740.0
008 - FIXED-LENGTH DATA ELEMENTS--GENERAL INFORMATION
fixed length control field 821209s1962 ua a 000 1 ararc
010 ## - LIBRARY OF CONGRESS CONTROL NUMBER
LC control number ne 63000167
035 ## - SYSTEM CONTROL NUMBER
System control number (OCoLC)9035984
040 ## - CATALOGING SOURCE
Original cataloging agency Princeton Univ. Libr.
Transcribing agency WaU
Modifying agency WaU
-- DLC
042 ## - AUTHENTICATION CODE
Authentication code premarc
050 00 - LIBRARY OF CONGRESS CALL NUMBER
Classification number PJ7814.Y93
Item number M5
100 1# - MAIN ENTRY--PERSONAL NAME
Personal name ʻAyyād, Shukrī Muḥammad.
245 10 - TITLE STATEMENT
Title Mīlād jadīd,
Remainder of title qiṣas.
Statement of responsibility, etc. [Taʼlīf] Shukrī Muḥammad ʻAyyād.
260 ## - PUBLICATION, DISTRIBUTION, ETC.
Place of publication, distribution, etc. al-Qāhirah,
Name of publisher, distributor, etc. Maktabat al-Qāhirah al-Ḥadīthah
Date of publication, distribution, etc. [1962?].
300 ## - PHYSICAL DESCRIPTION
Extent 174 p.
Other physical details illus.
Dimensions 19 cm.

No items available.

Powered by Koha